000 00186 a2200097 4500
020 _a978987193269
041 _aspa
100 _aFiona Goble
245 _aGorros de Animales
942 _cBK
999 _c14785
_d14785